00697nam a2200193Ia 4500952015700000999001700157003000400174005001700178008004100195020001800236040000900254082001800263100001800281245008100299260005600380300000900436650001500445942004300460 00102ddc40708RECRUITMENTaMESbMEScCAREER CORNERd2019-02-20g350.00l1o153.94 TRI/Qp32580r2020-01-10 00:00:00s2019-12-31w2019-02-20yBKzU9R3 c36923d36923OSt20210127113415.0190216s9999||||xx |||||||||||||| ||und|| a9788131700303 coclc a153.94bTRI/Q aTrishna98454 0aQuantitative Aptitude For CAT And Other MBA Entrance Examinations /cTrishna bPearson Education International,c2008.aNew Delhi: a773p aReferences cREF2ddch153.94iTRI/Qk153.94mTRI/Q